000 01287nam a22001697a 4500
003 SGT
020 _a9789382332527
082 _a543.67,SAT
100 _aSATYANARAYANA,D.N
245 _aINTRODUCTION TO MAGNETIC RESONANCE SPECTROSCOPY ESR,NMR,NQR
250 _a2ND
260 _aNEW DELHI
_bI.K. INTERNATIONAL PUBLISHING HOUSE PVT. LTD.
_c2015
300 _a446
650 _aANALYTICAL CHEMISTRY
653 _a• 1. GENERAL INTRODUCTION • PART-1: ELECTRON SPIN RESONANCE • 2. BASIC THEORY • 3. HYPERFINE STRUCTURE • 4. EXPERIMENTAL ASPECTS: ESR • 5. SPECTRAL CHARACTERISTICS: LINE WIDTH AND ANISOTROPY • 6. DYNAMIC PROCESSES • 7. THE TRIPLET STATE • 8. TRANSITION METAL COMPLEXES • 9. DOUBLE RESONANCE TECHNIQUES • PART-2: NUCLEAR MAGNETIC RESONANCE • 10. GENERAL PRINCIPLES • 11. CHEMICAL SHIFT • 12. SPINE-SPIN COUPLING • 13. EXPERIMENTAL ASPECTS: NMR • 14. DYNAMIC NMR SPECTROSCOPY • 15. SPECTRA OF OTHER NUCLEI: 13C, 19F AND 31P • 16. RELAXATION PROCESSES • 17. MULTIPLE RESONANCE TECHNIQUES • 18. SELECTED TOPICS • 19. TWO-DIMENSIONAL NMR SPECTROSCOPY • PART-3: NUCLEAR QUADRUPOLE RESONANCE • 20. NUCLEAR QUADRUPOLE RESONANCE SPECTROSCOPY • APPENDIX GENERAL DATA AND FUNDAMENTAL CONSTANTS
942 _2ddc
_cFPS
999 _c9453
_d9453